Dynamics of foreign aid : (Record no. 123971)
[ view plain ]
| 000 -LEADER | |
|---|---|
| fixed length control field | 00811nam a22002417a 4500 |
| 005 - DATE AND TIME OF LATEST TRANSACTION | |
| control field | 20170124105933.0 |
| 010 ## - LIBRARY OF CONGRESS CONTROL NUMBER | |
| LC control number | A-709773 |
| 020 ## - INTERNATIONAL STANDARD BOOK NUMBER | |
| Terms of availability | 00.00 |
| International Standard Book Number | 8170440831 |
| 035 ## - SYSTEM CONTROL NUMBER | |
| System control number | A-709773 |
| 037 ## - SOURCE OF ACQUISITION | |
| Source of stock number/acquisition | Cen Lib/Ret |
| 040 ## - CATALOGING SOURCE | |
| Original cataloging agency | DPL |
| Language of cataloging | EN |
| 082 ## - DEWEY DECIMAL CLASSIFICATION NUMBER | |
| Classification number | 338.91 |
| Item number | UPR |
| 100 ## - MAIN ENTRY--PERSONAL NAME | |
| Personal name | Upreti, B.C. |
| 9 (RLIN) | 5415 |
| 245 ## - TITLE STATEMENT | |
| Title | Dynamics of foreign aid : |
| Statement of responsibility, etc | by B.c. Upreti |
| Remainder of title | a case study of indian aid to nepal / |
| 260 ## - PUBLICATION, DISTRIBUTION, ETC. (IMPRINT) | |
| Place of publication, distribution, etc | Jaipur |
| Date of publication, distribution, etc | 1988 |
| Name of publisher, distributor, etc | Printwell Publishers |
| 270 ## - ADDRESS | |
| City | Jaipur |
| Address | S-12, shopping complex, tilak nagar |
| Postal code | 302004 |
| 300 ## - PHYSICAL DESCRIPTION | |
| Extent | xiii, 217p. |
| Dimensions | 20cm(Hb) |
| 500 ## - GENERAL NOTE | |
| General note | Includes bibliographical references and index |
| 650 ## - SUBJECT ADDED ENTRY--TOPICAL TERM | |
| Topical term or geographic name as entry element | National development |
| 9 (RLIN) | 8755 |
| 650 ## - SUBJECT ADDED ENTRY--TOPICAL TERM | |
| Topical term or geographic name as entry element | Diplomacy |
| 9 (RLIN) | 2080 |
| 650 ## - SUBJECT ADDED ENTRY--TOPICAL TERM | |
| Topical term or geographic name as entry element | चिकित्सा विज्ञान |
| 9 (RLIN) | 79884 |
| 942 ## - ADDED ENTRY ELEMENTS (KOHA) | |
| Source of classification or shelving scheme | Dewey Decimal Classification |
| Koha item type | English Books |
| Classification part | 338.91 |
| Call number suffix | UPR |
| Withdrawn status | Lost status | Damaged status | Not for loan | Home library | Current library | Date acquired | Source of acquisition | Cost, normal purchase price | Total Checkouts | Full call number | Barcode | Date last seen | Copy number | Cost, replacement price | Price effective from | Koha item type | Public note |
|---|---|---|---|---|---|---|---|---|---|---|---|---|---|---|---|---|---|
| Written off | Central Library | Central Library | 13/06/2015 | Cen Lib/Ret | 0.00 | 338.91 UPR | A-709773 | 13/06/2015 | 1 | 0.00 | 13/06/2015 | English Books | W/d List No. 6891/21 ; dtd 14/09/2020 |
